Online
Catalog

Conocimientos, actitudes, prácticas y barreras para la alimentación exclusiva con fórmulas infantiles de hijos madres positivas al VIH / (Record no. 28612)

MARC details
000 -CABECERA
campo de control de longitud fija 00906nam a2200217 a 4500
001 - NÚMERO DE CONTROL
campo de control 000029120
005 - FECHA Y HORA DE LA ÚLTIMA TRANSACCIÓN
campo de control 20200930055338.0
008 - DATOS DE LONGITUD FIJA--INFORMACIÓN GENERAL
campo de control de longitud fija 110413s2004 dr 000 0 spa d
040 ## - FUENTE DE LA CATALOGACIÓN
Centro catalogador/agencia de origen DO-SdBNP
Lengua de catalogación spa
Centro/agencia transcriptor BNPHU
049 ## - FONDOS LOCALES (OCLC)
Fondos de biblioteca BNPD
245 00 - MENCIÓN DE TÍTULO
Título Conocimientos, actitudes, prácticas y barreras para la alimentación exclusiva con fórmulas infantiles de hijos madres positivas al VIH /
Mención de responsabilidad, etc. Editor Isabel Zuñiga, Eddy Pérez Then.
260 ## - PUBLICACIÓN, DISTRIBUCIÓN, ETC.
Lugar de publicación, distribución, etc. Santo Domingo :
Nombre del editor, distribuidor, etc. CENISMI,
Fecha de publicación, distribución, etc. 2004.
300 ## - DESCRIPCIÓN FÍSICA
Extensión 12 p. ; : ;
Dimensiones 28 cm.
490 1# - MENCIÓN DE SERIE
Mención de serie Serie de publicaciones técnicas
Designación de volumen o secuencia 4
500 ## - NOTA GENERAL
Nota general Incluye referencias bibliográficas y notas al pie de las páginas
504 ## - NOTA DE BIBLIOGRAFÍA, ETC.
Nota de bibliografía, etc. Bibliografía : p. 22
700 1# - PUNTO DE ACCESO ADICIONAL--NOMBRE DE PERSONA
Nombre de persona Zuñiga, Isabel
Término indicativo de función/relación ed.
9 (RLIN) 56027
700 1# - PUNTO DE ACCESO ADICIONAL--NOMBRE DE PERSONA
Nombre de persona Pérez Then, Eddy
Término indicativo de función/relación ed.
9 (RLIN) 56028
710 2# - PUNTO DE ACCESO ADICIONAL--NOMBRE DE ENTIDAD CORPORATIVA
Nombre de entidad corporativa o nombre de jurisdicción como elemento de entrada Centro Nacional de Investigaciones en Salud Materno Infantil
9 (RLIN) 55757
830 #0 - PUNTO DE ACCESO ADICIONAL DE SERIE-TÍTULO UNIFORME
Título uniforme Serie de publicaciones técnicas
Número de parte o sección de la obra 4
9 (RLIN) 56029
Holdings
Estado de retiro Estado de pérdida No para préstamo Código de colección Localización permanente Ubicación/localización actual Ubicación en estantería Fecha de adquisición Número de inventario Total de préstamos Signatura topográfica completa Código de barras Fecha visto por última vez Precio válido a partir de Tipo de ítem Koha Número de copia
    Excluido de préstamo Patrimonio Dominicano Patrimonio Dominicano Patrimonio Dominicano En catalogación 13.04.2011 LF1   29120-10 25.06.2020 25.06.2020 Libro y Folleto Colección Patrimonio Dominicano  
    Excluido de préstamo Patrimonio Dominicano Patrimonio Dominicano Patrimonio Dominicano En catalogación 14.04.2011 LF1   29120-20 25.06.2020 25.06.2020 Libro y Folleto Colección Patrimonio Dominicano e. 2

Powered by Koha